Animals that are red - Statistics

General Stats
  • This quiz has been taken 31 times
  • The average score is 7 of 15
Answer Stats
Hint Answer % Correct
Hides nuts and other food, has bushy tail Red squirrel
88%
What does the ... say? (Red) fox
81%
Turns red when cooked Lobster or Crab
77%
Impossibly cute, not a bear despite the name Red panda
62%
Bird with long curved beak, its Egyptian relatives were sacred Scarlet ibis
62%
Bird named after certain church officials Cardinal
58%
Can make 8-9 meters long jumps Red kangaroo
58%
Pretty, brings luck, eats aphids Ladybird
54%
Check inside your shoes in Australia for this one Redback spider
50%
Bird-hunting dog breed from Éire Irish setter
46%
Moves on sea floor, can have odd-numbered limbs Sea star
31%
Their stings cause a burning sensation, hence the name Fire ant
27%
Venomous snake with red, yellow and black bands Coral snake
15%
Has a famous annual mass migration on a remote island Christmas island red crab
8%
The North American variety of this simian isn't really red Human
4%
No matching quizzes found
Score Distribution
Percent of People with Each Score
Percentile by Number Answered
Your Score History
You have not taken this quiz